01137nam a22002657a 45000010005000000030006000050050017000110080041000280200018000690400029000870500014001160820008001301000021001382450074001592500038002332600051002713000060003225050008003825200335003905210020007255210020007456500036007656500035008017000035008367118FISKH20251024115206.0250624b cb ||||| |||| 00| 0 eng d a9780064431880 aFISKHbengcFISKHdFISKH aPZ7.U27 L a177 aUdry, Janice May aLet's be enemies / cby Janice May Udry : Pictures by Maurice Sendak  aFirst Harper Trophy edition, 1988 aNew York : bHarperCollins Publisher , c1961. a32 unnumbered pages : bcolor illustrations ;c15 cm .  aJ  aJames used to be my friend. But today he is my enemy. James and John are best friends--or at least they used to be. They shared pretzels, umbrellas, and even chicken pox. Now James always wants to be boss, and John doesn't want to be friends anymore. But when he goes to James' house to tell him so, something unexpected happens. 8 a470 bLexile 8 aJ bRaz-Plus  aFriendshipvJuvenile Literatrue aFighting vJuvenile Literatrue aSendak, Maurice eIllustrator